00000000nam##2200000za#4500
0019.607213
003CaOODSP
00520210624213020
007cr |||||||||||
008150406|2004||||xxc|||||o    f|0| 0 fre|d
040 |aCaOODSP|bfre
043 |an-cn---
0861 |aR73-1/1-2004F-PDF
1101 |aCanada.|bAffaires indiennes et du Nord.
24513|aLe béluga |h[ressource électronique]
260 |aYellowknife - Territoires du Nord-Ouest : |bAffaires indiennes et du Nord |c[2004].
300 |a2p.|bfigures, ill. (certaines en couleur)
4901 |aFeuillets d'information sur les contaminants dans les Territoires du Nord-Ouest
590 |a15-05-Supp|b2015-03-31
69107|aBaleine|2gcpds
69107|aPollution|2gcpds
77508|tBeluga whale |w(CaOODSP)9.580117
830#0|aFeuillets d'information sur les contaminants dans les Territoires du Nord-Ouest.|w(CaOODSP)9.504258
85640|ahttp://publications.gc.ca|qPDF|s167 Ko|uhttps://publications.gc.ca/collections/collection_2014/aadnc-aandc/R73-1-1-2004-fra.pdf
986 |aQS-Y223-001-FF-A1